Ageing and economic welfare
Αποθηκεύτηκε σε:
| Κύριος συγγραφέας: | |
|---|---|
| Άλλοι συγγραφείς: | |
| Μορφή: | Βιβλίο |
| Γλώσσα: | English |
| Δημοσίευση: |
London :
Sage Publications,
c1992
|
| Θέματα: | |
| Ετικέτες: |
Προσθήκη ετικέτας
Δεν υπάρχουν, Καταχωρήστε ετικέτα πρώτοι!
|
MARC
| LEADER | 00000nam a2200000 i 4500 | ||
|---|---|---|---|
| 001 | 1/69460 | ||
| 008 | 981102s1992 eng d | ||
| 020 | |a 0-8039-8249-6 | ||
| 035 | |l 10030381 | ||
| 040 | |a GR-MY-UA |b gre |e aacr | ||
| 041 | 0 | |a eng | |
| 082 | 0 | |a 362.6 | |
| 100 | 1 | |a Johnson, Paul A. | |
| 245 | 1 | 0 | |a Ageing and economic welfare / |c Paul Johnson and Jane Falkingham |
| 260 | |a London : |b Sage Publications, |c c1992 | ||
| 300 | |a 206 p. | ||
| 504 | |a Includes bibliographical references (p. [189]-202) and index | ||
| 650 | 0 | 0 | |a Older people |x Economic conditions. |
| 650 | 0 | 0 | |a Age distribution (Demography) |x Economic aspects. |
| 650 | 0 | 0 | |a Economic development. |
| 650 | 0 | 0 | |a Welfare economics. |
| 700 | 1 | |a Falkingham, Jane. | |
| 852 | |a INST |b LESVOS |e 19981102 |h 362.6 JOH |p 005100017730 |q 005100017730 |t BK |y 0 | ||
| 901 | |a BIBL-1999-1 | ||
| 909 | |a Λ |b 059685 | ||
| 922 | |a 1ΕΛΗ |b 199809 |c ΚΠΣ/ΤΚ |d ΠΑΠΑΣΩΤΗΡΙΟΥ | ||
| 950 | |a 103-1998-07-27 | ||